Our presidents : and how we make them /

Bibliographic Details
Main Author: McClure, Alexander K. (Alexander Kelly), 1828-1909
Format: Book
Language:English
Published: New York : Harper & Brothers, 1900.
Subjects:

MARC

Tag First Indicator Second Indicator Subfields
LEADER 00000cam a2200000 4500
001 in00000558317
005 20151014054731.0
008 790821s1900 nyu 00100 enge
010 |a  00002542  
035 |a (OCoLC)05294278 
035 |9 ACK6425AM 
040 |a DLC  |c FDA  |d FDA  |d TXA  |d UtOrBLW 
045 |a v8w9 
049 |a TXAM  |c [A08346669] 
050 0 |a JK524  |b .M22 
100 1 |a McClure, Alexander K.  |q (Alexander Kelly),  |d 1828-1909. 
245 1 0 |a Our presidents :  |b and how we make them /  |c by A.K. McClure. 
264 1 |a New York :  |b Harper & Brothers,  |c 1900. 
300 |a ix, 417 pages, 21 unnumbered leaves of plates :  |b portraits ;  |c 22 cm. 
336 |a text  |b txt  |2 rdacontent 
337 |a unmediated  |b n  |2 rdamedia 
338 |a volume  |b nc  |2 rdacarrier 
500 |a Includes index. 
650 0 |a Presidents  |z United States  |x Election. 
999 |a MARS 
999 f f |s a2057662-9d61-302b-9cc3-a0bfa173b420  |i caf3a79a-654f-374e-8725-4b92b8905ec0  |t 0 
952 f f |p ric  |a Texas A&M University  |b Rellis Campus  |c Joint Library Facility  |d Remote Storage  |t 0  |e JK524 .M22  |h Library of Congress classification  |i unmediated -- volume  |m A14808346669 
998 f f |a JK524 .M22  |t 0  |l Remote Storage